Statistics for Guess the 50 kpop debut song

Click here to take the quiz!

General Stats

  • This quiz has been taken 77 times
  • The average score is 20 of 50

Answer Stats

HintAnswer% Correct
AespaBlack Mamba
79%
ItzyDalla Dalla
78%
NMIXXO.O
76%
TxTCrown
74%
BabyMonsterBatter Up
69%
IVEEleven
67%
Stray KidsDistrict 9
64%
Kep1erWaDaDa
60%
BTSNo More Dream
59%
RIIZEGet A Guitar
57%
(G)I-DLELatata
57%
New JeansAttention
55%
Red VelvetHappiness
55%
ZeroBaseOneIn Bloom
55%
TwiceLike Ooh-Ahh
55%
ILLITMagnetic
55%
Le SserafimFearless
53%
EnhypenGiven Taken
53%
SeventeenAdore U
52%
ShineeReplay
48%
StayCSo Bad
48%
2NE1Fire
47%
IZ*ONELa Vie en Rose
45%
NCT DreamChewing Gum
43%
TreasureBoy
40%
The BoyzBoy
40%
EXOMama
40%
AteezPirate King
40%
TWSPlot Twist
40%
P1HarmonySiren
40%
EverglowBon Bon Chocolat
38%
NCT 127Fire Truck
38%
SNSDInto The New World
33%
Xdinary HeroesHappy Death Day
31%
XikersTricky House
28%
Got7Girls Girls Girls
26%
WayVRegular
24%
TripleSRising
24%
UnisSUPERWOMAN
21%
Monsta XTrespass
16%
GfriendGlass Bead
12%
MamamooMr. Ambiguous
12%
KARDHola Hola
10%
CravityBreak All The Rules
7%
TNXMove
7%
Fromis_9To. Heart
7%
BigBangWe Belong Together
7%
All(H)OursGotcha
5%
NOWADAYSOoWee
5%
IKONMy Type
3%

Score Distribution

Percentile by Number Answered

Percent of People with Each Score

Your Score History

You have not taken this quiz